Nommez tous les mots du texte du Notre Père - Statistiques

Statistiques générales
  • Ce quiz a été pris 80 fois
  • Le résultat moyen est 66 sur 78
Statistiques - réponses
Réponse % Correct
à
100%
à
100%
à
100%
au
100%
cieux
100%
Notre
100%
notre
100%
Père
100%
que
100%
que
100%
que
100%
qui
100%
qui
100%
soit
100%
soit
100%
nom
99%
es
97%
ton
97%
ton
97%
aux
96%
aux
96%
la
95%
la
95%
la
95%
la
95%
sanctifié
95%
ta
95%
volonté
95%
Et
93%
et
93%
faite
93%
règne
93%
règne
93%
de
92%
nous
92%
nous
92%
nous
92%
nous
92%
nous
92%
nous
92%
ce
90%
comme
90%
comme
90%
nos
90%
ciel
89%
sur
89%
terre
89%
vienne
89%
ont
88%
pain
88%
Pardonne
88%
jour
86%
ceux
85%
Donne
85%
du
85%
offensés
82%
délivre
81%
pardonnons
81%
mal
79%
aussi
77%
offenses
77%
aujourd'hui
75%
mais
74%
tentation
74%
ne
73%
Amen.
68%
pas
68%
le
56%
soumets
52%
des
49%
siècles
47%
siècles
47%
toi
47%
gloire
44%
car
41%
c'est
40%
puissance
40%
qu'appartiennent
30%
Aucun quiz correspondant
Distribution des résultats
% des personnes avec chaque résultat
Percentile par nombre de réponses
Votre historique - résultats
Vous n’avez pas pris ce quiz